| 000 | 00933nam a22003017a 4500 | ||
|---|---|---|---|
| 001 | 8015 | ||
| 003 | FISKH | ||
| 005 | 20250819084135.0 | ||
| 008 | 250819b cb ||||| |||| 00| 0 eng d | ||
| 020 | _a9781612360126 | ||
| 040 |
_aFISKH _beng _cFISKH _dFISKH |
||
| 050 | _aPZ7.C57937 K | ||
| 082 | _a813 | ||
| 100 | _aCleland, Jo | ||
| 245 |
_aKitty come down! / _cBy Jo Cleland ; Illustrated by Anita DuFalla |
||
| 250 | _aThis edition first published in 2012 | ||
| 260 |
_aNorth Mankato : _bRourke, _c2012 |
||
| 300 |
_a20 unnumbered pages : _bcolor illustrations ; _c21 cm |
||
| 505 | _aC | ||
| 520 | _aKitty must be enticed to return to the ground once the children discover his whereabouts. | ||
| 521 | 8 |
_a80
_bLexile |
|
| 521 | 8 |
_aC
_bRaz-Plus |
|
| 650 |
_2Kindergarten _aLevel A |
||
| 650 |
_2Animals _aInterstate round 1 |
||
| 700 |
_aDuFalla, Anita _dillustrator |
||
| 942 |
_2ddc _cBK _n0 |
||
| 999 |
_c8015 _d8015 |
||